<?xml version="1.0" encoding="UTF-8"?>
<collection xmlns="http://www.loc.gov/MARC21/slim">
 <record>
  <leader>02957nam a2200253 a 4500</leader>
  <controlfield tag="001">TVCDKTCT9270</controlfield>
  <controlfield tag="003">Thư viện trường Cao đẳng Kỹ thuật Cao Thắng</controlfield>
  <controlfield tag="005">20080506000000</controlfield>
  <controlfield tag="008">080506</controlfield>
  <datafield tag="980" ind1="\" ind2="\">
   <subfield code="a">Thư viện Trường CĐ Kỹ Thuật Cao Thắng</subfield>
  </datafield>
  <datafield tag="024" ind1=" " ind2=" ">
   <subfield code="a">RG_1 #1 eb0 i1</subfield>
  </datafield>
  <datafield tag="041" ind1="0" ind2="#">
   <subfield code="a">vie</subfield>
  </datafield>
  <datafield tag="082" ind1="#" ind2="#">
   <subfield code="a">959.703 / </subfield>
   <subfield code="b">L302S-ng</subfield>
  </datafield>
  <datafield tag="100" ind1="1" ind2="#">
   <subfield code="a">Nguyễn Anh Dũng</subfield>
  </datafield>
  <datafield tag="245" ind1="0" ind2="0">
   <subfield code="a">Lịch sử Việt Nam từ 1858 đến 1918 /</subfield>
   <subfield code="c">Nguyễn Anh Dũng, Nguyễn Ngọc Cơ, Trương Công Huỳnh Kỳ</subfield>
  </datafield>
  <datafield tag="250" ind1="#" ind2="#">
   <subfield code="a">In lần thứ 1</subfield>
  </datafield>
  <datafield tag="260" ind1="#" ind2="#">
   <subfield code="a">H. :</subfield>
   <subfield code="b">Đại học Sư phạm ,</subfield>
   <subfield code="c">2007</subfield>
  </datafield>
  <datafield tag="300" ind1="#" ind2="#">
   <subfield code="a">240tr. ;</subfield>
   <subfield code="c">24cm.</subfield>
  </datafield>
  <datafield tag="520" ind1="#" ind2="#">
   <subfield code="a">Cuốn giáo trình phản ánh tiến trình lịch sử Việt Nam trong 40 năm cuối thế kỷ XIX và hai thập niên ầu thế kỷ XX với hai mảng kiến thức cơ bản là cuộc xâm lược, bình định của thực dân Pháp và cuộc đâu tranh vì nền dộc lập dân tộc, giải phóng giai cấp, vì sự tiến bộ xã hội của nhân dân Việt Nam. Với chủ dích như vậy cuốn sách chia làm hai chương:</subfield>
  </datafield>
  <datafield tag="520" ind1="#" ind2="#">
   <subfield code="a"> Chương I: Nươc Việt Nam trước và trong cuộc kháng chiến chống thực dân Pháp xâm lược vào nửa sau thếkyr XIX (1858-1896). Chương này trình bày hai nội dung: Thứ nhất là nhắc lại những sự kiện lịch sử chính có liên quan đến âm mưu thâm nhập Việt Nam của tư bản phương Tây và Pháp trong các thế kỷ XVI, XVII, XVIII; nhấn mạnh một số điểm về tình hình nước Việt Nam trước cuộc chiến tranh xâm lược thực dân. một số vân đề lịch sử có liên quan đến triều Nguyễn. Thứ hai là trình bày về cuộc kháng chiến chống xâm lược của nhân dân Việt Nam từ 1858 đến  1896.</subfield>
  </datafield>
  <datafield tag="520" ind1="#" ind2="#">
   <subfield code="a"> Chương II: Việt Nam từ 1897 đến 1918. Chươn này đề cập ến những nhu cầu, đòi hỏi mơi trong phong trào giải phóng dân tộc: sự chuyển biến về tư tưởng của các nhà nho yêu nước; việc tiếp thu ảnh hưởng của trào lưu dân chủ tư sản; nội dung, đặc điểm của cuộc vận động giải phóng dân tộc Việt Nam trong cuộc chiến tranh thế giới thứ nhất (1914-1918), hoạt động bước đầu của lãnh tụ Nguyễn Ái Quốc (1911-1918)  và ý nghĩa của những hoạt động đó.</subfield>
  </datafield>
  <datafield tag="650" ind1="#" ind2="4">
   <subfield code="a">Lịch sử--Việt Nam-1858-1918</subfield>
  </datafield>
  <datafield tag="700" ind1="0" ind2="#">
   <subfield code="a">Nguyễn Ngọc Cơ</subfield>
  </datafield>
  <datafield tag="700" ind1="0" ind2="#">
   <subfield code="a">Trương Công Huỳnh Kỳ</subfield>
  </datafield>
 </record>
</collection>
